000 00560nam a2200181Ia 4500
008 090123s9999 xx 000 0 und d
082 _b3695
100 _aपुराणिक कृष्णमुर्ती
245 _aतंपू नेळलु
250 _a1
260 _c1974
300 _a181
600 _aपुराणिक कृष्णमुर्ती
630 _aतंपू नेळलु
700 _aपुराणिक कृष्णमुर्ती
730 _aतंपू नेळलु
942 _cBOOK
999 _c41774
_d41774